The representation theory of finite groups /

Guardado en:
Autor Principal: Feit, Walter, 1930-
Formato: Libro
Idioma:English
Publicado: Amsterdam : North-Holland, 1982.
Series:North-Holland mathematical library ; v. 25
Materias:
Etiquetas: Agregar Etiqueta
Sin Etiquetas, Sea el primero en etiquetar este registro!
LEADER 00730pam a2200229 a 4500
001 MAT.inmabb003044
008 810107s1982####ne#######b####001#0#eng##
005 20130304101622.0
245 1 4 |a The representation theory of finite groups /  |c Walter Feit. 
260 |a Amsterdam :  |b North-Holland,  |c 1982. 
300 |a xiv, 502 p. ;  |c 23 cm. 
440 0 |a North-Holland mathematical library ;  |v v. 25 
504 |a Bibliografía: p. 476-499. 
510 4 |a MR,  |c 83g:20001 
020 |a 0444861556 
100 1 |a Feit, Walter,  |d 1930- 
650 0 |a Modular representations of groups. 
650 0 |a Finite groups. 
084 |a 20-02 (20C20)  |2 msc2000 
010 |a  80029622  
040 |a DLC  |c DLC  |d DLC 
859 |h 20  |i F311r  |p A-5816  |b BIB. MATEMATICA